000
00330nam a2200133Ia 4500
008
240624s9999 xx 000 0 und d
041
_a
eng
082
_a
338.7 SIM
100
_a
SIMON HERMANN
245
_a
HIDDEN CHAMPIONS OF THE TWENTY FIRST CEN
260
_c
2009
_a
Germany
_b
Springer
300
_a
402 : p.
365
_c
ERU
_b
27
999
_c
15542
_d
15542